Football - Les 30 Français les Plus Chers - Statistiques

Statistiques générales
  • Ce quiz a été pris 892 fois
  • Le résultat moyen est 19 sur 30
Statistiques - réponses
Rang Club Vendeur Transfert Club Acheteur Joueur % Correct
1 AS Monaco 180 millions Paris Saint-Germain Kylian Mbappé
100%
3 Atlético Madrid 120 millions FC Barcelone Antoine Griezmann
96%
2 Borussia Dortmund 135 millions FC Barcelone Ousmane Dembélé
96%
4 Juventus Turin 105 millions Manchester United Paul Pogba
94%
5 Eintracht Francfort 95 millions Paris Saint-Germain Randal Kolo Muani
91%
7 AS Monaco 80 millions Real Madrid Aurélien Tchouaméni
79%
8 Atlético Madrid 80 millions Bayern Munich Lucas Hernandez
73%
10 AS Monaco 72 millions Atlético Madrid Thomas Lemar
70%
9 Juventus Turin 77,5 millions Real Madrid Zinédine Zidane
69%
12 RB Leipzig 60 millions Chelsea Christopher Nkunku
67%
16 Olympique Lyonnais 53 millions Arsenal Alexandre Lacazette
66%
22 Olympique Lyonnais 45 millions Paris Saint-Germain Bradley Barcola
63%
17 FC Barcelone 50 millions Paris Saint-Germain Ousmane Dembélé
62%
13 AS Monaco 60 millions Manchester United Anthony Martial
61%
20 Bayern Munich 45 millions Paris Saint-Germain Lucas Hernandez
59%
11 Olympique Lyonnais 62 millions Tottenham Hotspur Tanguy Ndombele
58%
14 AS Monaco 57,5 millions Manchester City Benjamin Mendy
57%
27 RB Leipzig 40 millions Liverpool Ibrahima Konaté
57%
18 FC Séville 50 millions FC Barcelone Jules Koundé
57%
6 Leicester City 80,4 millions Chelsea Wesley Fofana
56%
25 Olympique Lyonnais 41,5 millions Bayern Munich Corentin Tolisso
55%
15 Bayer Leverkusen 55 millions Aston Villa Moussa Diaby
53%
24 RB Leipzig 42,5 millions Bayern Munich Dayot Upamecano
51%
26 Real Madrid 40 millions Manchester United Raphaël Varane
51%
19 Olympique Lyonnais 48 millions Real Madrid Ferland Mendy
47%
28 FC Séville 40 millions AS Monaco Wissam Ben Yedder
45%
21 AS Monaco 45 millions Chelsea Axel Disasi
44%
30 AS Monaco 38 millions Chelsea Benoît Badiashile
36%
23 Valence CF 45 millions Manchester City Eliaquim Mangala
29%
29 AS Monaco 40 millions Chelsea Tiémoué Bakayoko
22%
Aucun quiz correspondant
Distribution des résultats
% des personnes avec chaque résultat
Percentile par nombre de réponses
Votre historique - résultats
Vous n’avez pas pris ce quiz